[Event "Guernsey op 35th"]
[Site "Guernsey"]
[Date "2009.10.23"]
[Round "6"]
[White "Williams, Peter Arthur"]
[Black "Van Voorthuijsen, Pieter W"]
[Result "1/2-1/2"]
[WhiteElo "1961"]
[BlackElo "2300"]
[PlyCount "134"]
[EventDate "2009.10.18"]
[EventType "swiss"]
[EventRounds "7"]
[EventCountry "GCI"]
[SourceTitle "EXT 2010"]
[Source "ChessBase"]
[SourceDate "2010.11.25"]
[SourceVersion "1"]
[SourceVersionDate "2010.11.25"]
[SourceQuality "1"]

1. d4 Nf6 2. c4 e6 3. Nf3 d5 4. Nc3 Be7 5. Bf4 0-0 6. e3 Nbd7 7. Bd3 c5 8. 0-0 a6 9. Ne5 cxd4 10. exd4 dxc4 11. Bxc4 Nb6 12. Bb3 Nbd5 13. Bg3 Nxc3 14. bxc3 Ne4 15. Qd3 Nxg3 16. Qxg3 Bd6 17. f4 b5 18. Qf3 Qc7 19. Qe3 Rb8 20. Rac1 Bb7 21. c4 Bxe5 22. Qxe5 Qc6 23. Qe2 bxc4 24. Rxc4 Qd6 25. Qe5 Qb6 26. Qc7 Bd5 27. Qxb6 Rxb6 28. Rc3 Bxb3 29. Rxb3 Rd6 30. Rd1 g6 31. Kf2 Rc8 32. Rd2 h5 33. Ke2 Rc4 34. Ke3 Rd5 35. Rbb2 Kg7 36. Rd3 Kf6 37. Ke4 Ra4 38. a3 Rc4 39. g3 Rc1 40. Rbd2 Re1+ 41. Re3 Ra1 42. Rb2 Ra5 43. Rbb3 Rh1 44. Rb2 Ra4 45. Rd2 Rf1 46. Rc3 Re1+ 47. Kf3 Ra1 48. Rdd3 Ra2 49. h3 Rh2 50. d5 exd5 51. Rxd5 h4 52. Kg4 hxg3 53. Kxg3 Ra2 54. Rdd3 Ra5 55. Kg4 Kg7 56. Re3 Ra1 57. Kg3 Rf1 58. Rf3 Rg1+ 59. Kf2 Ra1 60. Kg3 Ra2 61. Kg4 Kh6 62. Rfe3 Rg2+ 63. Rg3 f5+ 64. Kh4 Rf2 65. Rgf3 Rxf3 66. Rxf3 Ra4 67. Kg3 g5 1/2-1/2

[Event "Bunratty Masters op 14th"]
[Site "Bunratty"]
[Date "2007.02.24"]
[Round "3"]
[White "Cafolla, Peter"]
[Black "Van Voorthuijsen, Pieter W"]
[Result "0-1"]
[WhiteElo "2053"]
[BlackElo "2250"]
[PlyCount "60"]
[EventDate "2007.02.23"]
[EventType "swiss"]
[EventRounds "6"]
[EventCountry "IRL"]
[SourceTitle "CBM 117 Extra"]
[Source "ChessBase"]
[SourceDate "2007.05.09"]
[SourceVersion "1"]
[SourceVersionDate "2007.05.09"]
[SourceQuality "1"]

1. d4 Nf6 2. c4 e6 3. Nc3 d5 4. Bg5 Be7 5. e3 Nbd7 6. Nf3 0-0 7. Rc1 a6 8. Bd3 dxc4 9. Bxc4 c5 10. a3 b5 11. Ba2 Bb7 12. 0-0 b4 13. axb4 cxb4 14. Ne2 Qa5 15. Bxf6 Nxf6 16. Bb1 Bd6 17. Ng3 Rad8 18. Qe2 Bxg3 19. hxg3 Qh5 20. e4 Ng4 21. Rc5 e5 22. Rd1 f5 23. Qc4+ Kh8 24. Qc1 h6 25. d5 f4 26. Rd3 fxg3 27. fxg3 Rxf3 28. Rxf3 Qh2+ 29. Kf1 Qh1+ 30. Ke2 Qxg2+ 0-1

[Event "Bunratty Masters op 14th"]
[Site "Bunratty"]
[Date "2007.02.24"]
[Round "2"]
[White "Van Voorthuijsen, Pieter W"]
[Black "Keogh, Eamon"]
[Result "1/2-1/2"]
[WhiteElo "2250"]
[BlackElo "2074"]
[PlyCount "31"]
[EventDate "2007.02.23"]
[EventType "swiss"]
[EventRounds "6"]
[EventCountry "IRL"]
[SourceTitle "CBM 117 Extra"]
[Source "ChessBase"]
[SourceDate "2007.05.09"]
[SourceVersion "1"]
[SourceVersionDate "2007.05.09"]
[SourceQuality "1"]

1. Nf3 f5 2. c4 Nf6 3. g3 e6 4. Bg2 Be7 5. 0-0 0-0 6. d4 Qe8 7. Nc3 c6 8. Qc2 d5 9. b3 Qh5 10. a4 Ne4 11. Ba3 Bxa3 12. Rxa3 Nd7 13. b4 Ndf6 14. Ne5 Nxc3 15. Rxc3 Ng4 16. Nxg4 1/2-1/2

[Event "BCF-chT4 0506 (4NCL)"]
[Site "West Bromwich"]
[Date "2006.05.28"]
[Round "10.1"]
[White "Van Voorthuijsen, Pieter W"]
[Black "Varley, Peter"]
[Result "1/2-1/2"]
[WhiteElo "2220"]
[BlackElo "2172"]
[PlyCount "98"]
[EventDate "2005.11.05"]
[EventType "team"]
[EventRounds "11"]
[EventCountry "ENG"]
[SourceTitle "CBM 109 Extra"]
[Source "ChessBase"]
[SourceDate "2006.01.03"]
[SourceVersion "2"]
[SourceVersionDate "2006.01.03"]
[SourceQuality "1"]
[WhiteTeam "Athenaeum"]
[BlackTeam "Monmouth"]
[WhiteTeamCountry "ENG"]
[BlackTeamCountry "ENG"]

1. Nf3 d5 2. d4 e6 3. c4 c6 4. g3 f5 5. Bg2 Nf6 6. 0-0 Be7 7. b3 0-0 8. Ba3 Nbd7 9. Qc1 Ne4 10. Ne1 Bg5 11. e3 Re8 12. f3 Nef6 13. Nd3 Bh6 14. Bd6 dxc4 15. bxc4 e5 16. Nxe5 Nxe5 17. Bxe5 c5 18. Qc3 Qb6 19. f4 Ng4 20. h3 Nxe5 21. dxe5 Rd8 22. Na3 Qg6 23. Kh2 a6 24. Rad1 Qe8 25. Qa5 Bd7 26. Rd6 g6 27. Rfd1 Bf8 28. R6d2 Be7 29. Bxb7 Rab8 30. Qxa6 Ba4 31. Qe6+ Kg7 32. Rxd8 Bxd8 33. Qxe8 Bxe8 34. Rb1 Ba5 35. Bd5 Rxb1 36. Nxb1 Bb4 37. a3 Ba5 38. e4 Ba4 39. exf5 gxf5 40. g4 Bc2 41. Be6 fxg4 42. hxg4 Bxb1 43. Bf5 Ba2 44. Bd3 h6 45. Kg3 Bb3 46. f5 Ba4 47. Be4 Be1+ 48. Kf4 Bd2+ 49. Kg3 Be1+ 1/2-1/2

[Event "Bunratty Masters op 13th"]
[Site "Bunratty"]
[Date "2006.02.19"]
[Round "6"]
[White "Arakhamia Grant, Ketevan"]
[Black "Van Voorthuijsen, Pieter W"]
[Result "1/2-1/2"]
[WhiteElo "2426"]
[BlackElo "2265"]
[PlyCount "77"]
[EventDate "2006.02.17"]
[EventType "swiss"]
[EventRounds "6"]
[EventCountry "IRL"]
[SourceTitle "CBM 111 Extra"]
[Source "ChessBase"]
[SourceDate "2006.05.09"]
[SourceVersion "1"]
[SourceVersionDate "2006.05.09"]
[SourceQuality "1"]

1. e4 c5 2. Nf3 Nc6 3. d4 cxd4 4. Nxd4 Nf6 5. Nc3 d6 6. Bg5 e6 7. Qd2 Be7 8. 0-0-0 Nxd4 9. Qxd4 0-0 10. h4 h6 11. Bd2 e5 12. Qd3 Be6 13. f3 d5 14. exd5 Nxd5 15. Nxd5 Qxd5 16. Qxd5 Bxd5 17. Bxh6 Bxa2 18. Rd7 Bc5 19. Bd2 Be6 20. Rxb7 Bb6 21. Bd3 Rfe8 22. Be4 Rac8 23. g4 Rc4 24. b3 Rcc8 25. Kb2 Red8 26. Bc3 Bd5 27. Re7 Bxe4 28. fxe4 Kf8 29. Rb7 Bd4 30. Bxd4 Rxd4 31. Rf1 f6 32. g5 Rc6 33. h5 Rd2 34. h6 Rcxc2+ 35. Ka3 a5 36. hxg7+ Kg8 37. Ka4 Rc5 38. Ka3 Rcc2 39. Ka4 1/2-1/2

[Event "Cork op"]
[Site "Cork"]
[Date "2005.04.03"]
[Round "5"]
[White "Palliser, Richard"]
[Black "Van Voorthuijsen, Pieter W"]
[Result "1-0"]
[WhiteElo "2402"]
[BlackElo "2249"]
[PlyCount "63"]
[EventDate "2005.04.01"]
[EventType "swiss"]
[EventRounds "6"]
[EventCountry "IRL"]
[SourceTitle "CBM 105 Extra"]
[Source "ChessBase"]
[SourceDate "2005.05.01"]
[SourceVersion "1"]
[SourceVersionDate "2005.05.01"]
[SourceQuality "1"]

1. d4 Nf6 2. Bg5 e6 3. e4 h6 4. Bxf6 Qxf6 5. Nc3 Bb4 6. Qd3 c5 7. e5 Qe7 8. a3 cxd4 9. axb4 dxc3 10. bxc3 0-0 11. Nf3 Rd8 12. Qe4 f5 13. exf6 Qxf6 14. Bd3 Nc6 15. 0-0 Ne7 16. Qh7+ Kf7 17. Rae1 d6 18. Re3 Bd7 19. Nd4 Rh8 20. Qe4 d5 21. Qg4 g6 22. Nf3 Ke8 23. Ne5 h5 24. Qd4 Rf8 25. Rf3 Nf5 26. Bxf5 gxf5 27. Rg3 Qh8 28. Re1 Qh7 29. Qc5 Rc8 30. Qd6 Qe7 31. Qxe7+ Kxe7 32. Rg7+ 1-0

[Event "Cork op"]
[Site "Cork"]
[Date "2005.04.02"]
[Round "3"]
[White "Williams, Simon Kim"]
[Black "Van Voorthuijsen, Pieter W"]
[Result "1-0"]
[WhiteElo "2466"]
[BlackElo "2249"]
[PlyCount "47"]
[EventDate "2005.04.01"]
[EventType "swiss"]
[EventRounds "6"]
[EventCountry "IRL"]
[SourceTitle "CBM 105 Extra"]
[Source "ChessBase"]
[SourceDate "2005.05.01"]
[SourceVersion "1"]
[SourceVersionDate "2005.05.01"]
[SourceQuality "1"]

1. d4 Nf6 2. c4 e6 3. Nf3 c5 4. d5 d6 5. Nc3 exd5 6. cxd5 g6 7. Bf4 a6 8. e4 Bg7 9. Qa4+ Bd7 10. Qb3 Qc7 11. e5 Nh5 12. exd6 Qc8 13. Be3 0-0 14. Qb6 Bg4 15. Be2 Nd7 16. Qc7 Qe8 17. 0-0 Rc8 18. Qxb7 Rb8 19. Qxa6 Rxb2 20. Rac1 Qa8 21. Qxa8 Rxa8 22. Bb5 Nhf6 23. a4 Bf8 24. Nd2 1-0

[Event "BCF-chT3 0304 (4NCL)"]
[Site "West Bromwich"]
[Date "2004.05.29"]
[Round "7.2"]
[White "Van Voorthuijsen, Pieter W"]
[Black "Freeman, Richard"]
[Result "1/2-1/2"]
[WhiteElo "2263"]
[BlackElo "2139"]
[PlyCount "38"]
[EventDate "2003.11.23"]
[EventType "team"]
[EventRounds "11"]
[EventCountry "ENG"]
[SourceTitle "EXT 2005"]
[Source "ChessBase"]
[SourceDate "2004.11.15"]
[SourceVersion "1"]
[SourceVersionDate "2004.11.15"]
[SourceQuality "1"]
[WhiteTeam "Athenaeum"]
[BlackTeam "FCA Solutions"]
[WhiteTeamCountry "ENG"]
[BlackTeamCountry "ENG"]

1. d4 g6 2. c4 Bg7 3. g3 d6 4. Bg2 c6 5. Nc3 Nd7 6. Nf3 e5 7. 0-0 Ne7 8. c5 dxc5 9. dxe5 Nxe5 10. Qxd8+ Kxd8 11. Rd1+ Kc7 12. Bf4 f6 13. Ne4 Nd5 14. Bxe5+ fxe5 15. Nxc5 b6 16. e4 Nb4 17. Nd3 Nxd3 18. Rxd3 Bg4 19. h3 Bxf3 1/2-1/2

[Event "BCF-chT2 0203 (4NCL)"]
[Site "West Bromwich"]
[Date "2003.05.05"]
[Round "11.2"]
[White "Van Voorthuijsen, Pieter W"]
[Black "Snape, Ian L"]
[Result "1/2-1/2"]
[WhiteElo "2301"]
[BlackElo "2244"]
[PlyCount "82"]
[EventDate "2002.11.??"]
[EventType "team"]
[EventRounds "11"]
[EventCountry "ENG"]
[SourceTitle "EXT 2004"]
[Source "ChessBase"]
[SourceDate "2003.11.25"]
[SourceVersion "1"]
[SourceVersionDate "2003.11.25"]
[SourceQuality "1"]
[WhiteTeam "Athenaeum"]
[BlackTeam "The ADS II"]
[WhiteTeamCountry "ENG"]
[BlackTeamCountry "ENG"]

1. d4 Nf6 2. c4 g6 3. g3 Bg7 4. Bg2 0-0 5. Nf3 Nc6 6. 0-0 a6 7. Nc3 Rb8 8. d5 Na5 9. Nd2 c5 10. Rb1 d6 11. b3 b5 12. Bb2 bxc4 13. bxc4 Bf5 14. e4 Rxb2 15. Rxb2 Nxe4 16. Ndxe4 Bxe4 17. Bxe4 Bxc3 18. Re2 Qc7 19. Qd3 Bf6 20. Rb1 Rb8 21. Rxb8+ Qxb8 22. Rc2 Qb1+ 23. Qf1 Qb4 24. Qc1 Kg7 25. Bd3 h5 26. h4 Nb7 27. Qd2 a5 28. Qe2 Qa3 29. Kg2 a4 30. f4 Na5 31. Qe4 Kf8 32. f5 g5 33. hxg5 Bxg5 34. Be2 Bf6 35. Bxh5 Be5 36. Bf3 Qb4 37. Kh3 Qb1 38. Bg2 a3 39. Re2 Qc1 40. Qe3 Qxe3 41. Rxe3 Nxc4 1/2-1/2

[Event "Guernsey op 28th"]
[Site "Les Dicqs"]
[Date "2002.10.23"]
[Round "4"]
[White "Corkett, Anthony R"]
[Black "Van Voorthuijsen, Pieter W"]
[Result "0-1"]
[WhiteElo "2313"]
[BlackElo "2304"]
[PlyCount "94"]
[EventDate "2002.10.20"]
[EventType "swiss"]
[EventRounds "7"]
[EventCountry "GCI"]
[SourceTitle "EXT 2003"]
[Source "ChessBase"]
[SourceDate "2002.11.25"]
[SourceVersion "1"]
[SourceVersionDate "2002.11.25"]
[SourceQuality "1"]

1. e4 c5 2. Nc3 d6 3. f4 g6 4. Nf3 Bg7 5. Bc4 e6 6. 0-0 Ne7 7. Qe1 0-0 8. d3 d5 9. Bb3 Nbc6 10. Bd2 Rb8 11. a4 Nd4 12. Nxd4 cxd4 13. Nd1 dxe4 14. dxe4 d3 15. Kh1 Nc6 16. c3 Qc7 17. Rf3 Rd8 18. Ba2 b6 19. Qh4 Ne7 20. Nf2 Bb7 21. Re1 Rd7 22. Ng4 Qd8 23. Nh6+ Bxh6 24. Qxh6 Nf5 25. Qh3 Nd6 26. Rfe3 b5 27. axb5 Nxe4 28. Rxe4 Bxe4 29. Rxe4 Qa5 30. Bb1 Qa1 31. Re1 Qxb2 32. Qe3 Qxb5 33. h3 Qc4 34. Kh2 Rb5 35. Qf3 Rb2 36. Qe3 Rd5 37. Rd1 Qb3 38. Qe1 a5 39. c4 Qxc4 40. Rc1 Qa6 41. Bc3 d2 42. Qd1 dxc1Q 43. Qxc1 Re2 44. Qa3 Qb7 45. Qa4 Rxg2+ 46. Kh1 Rd1+ 47. Qxd1 Rd2+ 0-1

[Event "Guernsey op 27th"]
[Site "Guernsey"]
[Date "2001.10.23"]
[Round "3"]
[White "Weighell, Mark"]
[Black "Van Voorthuijsen, Pieter W"]
[Result "0-1"]
[WhiteElo "2124"]
[BlackElo "2319"]
[PlyCount "54"]
[EventDate "2001.10.21"]
[EventType "swiss"]
[EventRounds "7"]
[EventCountry "GCI"]
[SourceTitle "EXT 2002"]
[Source "ChessBase"]
[SourceDate "2001.11.25"]
[SourceVersion "1"]
[SourceVersionDate "2001.11.25"]
[SourceQuality "1"]

1. d4 Nf6 2. Nf3 e6 3. e3 b6 4. Bd3 Bb7 5. 0-0 Be7 6. Nbd2 c5 7. b3 cxd4 8. exd4 0-0 9. Bb2 d6 10. c4 Nbd7 11. Rc1 Rc8 12. a3 d5 13. Ne5 dxc4 14. bxc4 Nxe5 15. dxe5 Qxd3 16. exf6 Qg6 17. f3 Bxf6 18. Bxf6 Qxf6 19. Ne4 Bxe4 20. fxe4 Qe5 21. Qa4 Rc7 22. Rcd1 Qc5+ 23. Kh1 Qxc4 24. Qxc4 Rxc4 25. Rde1 Rc3 26. Rf3 Rfc8 27. a4 Rc1 0-1

[Event "Guernsey op"]
[Site "Guernsey"]
[Date "2000.10.20"]
[Round "6"]
[White "Gunter, David WW"]
[Black "Van Voorthuijsen, Pieter W"]
[Result "0-1"]
[WhiteElo "2139"]
[BlackElo "2295"]
[PlyCount "88"]
[EventDate "2000.10.15"]
[EventType "swiss"]
[EventRounds "7"]
[EventCountry "GCI"]
[SourceTitle "EXT 2002"]
[Source "ChessBase"]
[SourceDate "2001.11.25"]
[SourceVersion "1"]
[SourceVersionDate "2001.11.25"]
[SourceQuality "1"]

1. d4 Nf6 2. Bg5 e6 3. Nc3 d6 4. e4 Be7 5. Nf3 h6 6. Bf4 Nc6 7. Be2 0-0 8. 0-0 Re8 9. h3 Nxd4 10. Qxd4 e5 11. Nxe5 dxe5 12. Bxe5 Nd7 13. Bg3 Bf6 14. Qd2 c6 15. Bg4 Bxc3 16. Qxc3 Nf6 17. f3 Nxg4 18. hxg4 Qg5 19. Bf2 h5 20. Be3 Qg6 21. g5 h4 22. Qe1 h3 23. Qh4 f5 24. gxh3 fxe4 25. f4 Bf5 26. Rfd1 Kf7 27. Qg3 Qh5 28. h4 Rad8 29. Rxd8 Rxd8 30. Rf1 Rd1 31. Bf2 Kg6 32. c4 Rd3 33. Qg2 e3 34. Bg3 Rd2 35. Qf3 e2 36. Qxh5+ Kxh5 37. Re1 Rxb2 38. Kf2 Bd3 39. Ke3 Bxc4 40. Kd4 Be6 41. Ke5 Bg4 42. f5 Rb5+ 43. Ke4 Bxf5+ 44. Ke3 Bg4 0-1

[Event "Taastrup 25 Jubilee"]
[Site "Taastrup"]
[Date "1997.??.??"]
[Round "6"]
[White "Thuesen, Mogens Henrik"]
[Black "Van Voorthuijsen, Pieter W"]
[Result "0-1"]
[WhiteElo "2225"]
[BlackElo "2285"]
[PlyCount "110"]
[EventDate "1997.??.??"]
[EventType "swiss"]
[EventRounds "9"]
[EventCountry "DEN"]
[SourceTitle "EXT 1999"]
[Source "ChessBase"]
[SourceDate "1998.11.16"]
[SourceVersion "1"]
[SourceVersionDate "1998.11.16"]
[SourceQuality "1"]

1. e4 d6 2. d4 g6 3. Nf3 Nf6 4. Nc3 Bg7 5. Be2 0-0 6. 0-0 Nc6 7. d5 Nb4 8. h3 a5 9. Bg5 h6 10. Bh4 Nh5 11. a3 Na6 12. Nd4 Nf4 13. Bc4 Bxd4 14. Qxd4 e5 15. dxe6 Qxh4 16. g3 Nxh3+ 17. Kh2 Ng5+ 18. gxh4 Nf3+ 19. Kg3 Nxd4 20. Bxa6 fxe6 21. Rad1 e5 22. Bc4+ Kg7 23. Rxd4 exd4 24. Nb5 Bd7 25. Nxd4 Rae8 26. f3 Rf6 27. Rd1 Re5 28. Bd3 g5 29. h5 c5 30. Ne2 b5 31. Nc3 c4 32. Be2 Bc6 33. Rd4 b4 34. axb4 axb4 35. Na2 b3 36. cxb3 cxb3 37. Nc1 Rc5 38. Nxb3 Rc2 39. Na5 Be8 40. Bd1 Rxb2 41. Nc4 Rb4 42. Nxd6 Rxd4 43. Nxe8+ Kf7 44. Nxf6 Kxf6 45. Be2 Ke5 46. Bf1 Rd1 47. Bg2 Rc1 48. Bh3 Kd4 49. Kf2 Rc2+ 50. Kg3 Re2 51. Bf5 Re3 52. Kg4 Re1 53. Kg3 Rh1 54. Bg4 Rg1+ 55. Kh3 Ke5 0-1

[Event "Taastrup 25 Jubilee"]
[Site "Taastrup"]
[Date "1997.??.??"]
[Round "3"]
[White "Van Voorthuijsen, Pieter W"]
[Black "Hartvig, Ove Weiss"]
[Result "1/2-1/2"]
[WhiteElo "2285"]
[BlackElo "2290"]
[PlyCount "47"]
[EventDate "1997.??.??"]
[EventType "swiss"]
[EventRounds "9"]
[EventCountry "DEN"]
[SourceTitle "EXT 1999"]
[Source "ChessBase"]
[SourceDate "1998.11.16"]
[SourceVersion "1"]
[SourceVersionDate "1998.11.16"]
[SourceQuality "1"]

1. d4 Nf6 2. c4 c5 3. d5 b5 4. cxb5 a6 5. b6 e6 6. Nc3 Nxd5 7. Nxd5 exd5 8. Qxd5 Nc6 9. Nf3 Rb8 10. e4 Rxb6 11. Bc4 Qe7 12. 0-0 Bb7 13. Qh5 g6 14. Qh3 Bg7 15. Bg5 Bf6 16. Bxf6 Qxf6 17. e5 Qf4 18. Bd5 Nd4 19. Bxb7 Rxb7 20. Nxd4 Qxd4 21. b3 0-0 22. Rae1 Re8 23. Qf3 Rb4 24. Rd1 1/2-1/2

[Event "Taastrup 25 Jubilee"]
[Site "Taastrup"]
[Date "1997.??.??"]
[Round "7"]
[White "Van Voorthuijsen, Pieter W"]
[Black "Koerholz, Ludger"]
[Result "1/2-1/2"]
[WhiteElo "2285"]
[BlackElo "2270"]
[PlyCount "120"]
[EventDate "1997.??.??"]
[EventType "swiss"]
[EventRounds "9"]
[EventCountry "DEN"]
[SourceTitle "EXT 1999"]
[Source "ChessBase"]
[SourceDate "1998.11.16"]
[SourceVersion "1"]
[SourceVersionDate "1998.11.16"]
[SourceQuality "1"]

1. e4 c5 2. Nc3 Nc6 3. g3 e6 4. Bg2 Nf6 5. f4 d5 6. e5 Nd7 7. Nf3 Be7 8. 0-0 0-0 9. d3 Rb8 10. Qe1 b5 11. g4 b4 12. Ne2 f6 13. exf6 Nxf6 14. Bh3 Bd6 15. Ng3 Ne8 16. f5 Nc7 17. Bg5 Qe8 18. Qd2 exf5 19. Nxf5 Bxf5 20. gxf5 Qh5 21. Qg2 Ne5 22. Nxe5 Bxe5 23. Bf4 Rbe8 24. Bxe5 Rxe5 25. Rae1 Ree8 26. Rxe8 Qxe8 27. Qg3 Qc6 28. f6 Ne8 29. fxg7 Rxf1+ 30. Bxf1 Qc7 31. Bg2 Qxg3 32. hxg3 Nc7 33. c3 a5 34. d4 cxd4 35. cxd4 Kxg7 36. Kf2 Kf6 37. Ke3 Ke6 38. a3 bxa3 39. bxa3 Nb5 40. Bh3+ Kd6 41. a4 Nc3 42. Bf5 Nxa4 43. Bxh7 Nc3 44. Bc2 Nb5 45. g4 Ke6 46. Bf5+ Ke7 47. Bc2 Kf6 48. Bb3 Ke6 49. Kd3 Nd6 50. Kc3 Nc8 51. Kb2 Nb6 52. Ka3 Nc4+ 53. Ka4 Kf6 54. Kb5 Kg5 55. Bxc4 dxc4 56. Kxc4 Kxg4 57. Kb5 Kf5 58. d5 a4 59. Kxa4 Ke5 60. Kb5 Kxd5 1/2-1/2

[Event "Taastrup 25 Jubilee"]
[Site "Taastrup"]
[Date "1997.??.??"]
[Round "8"]
[White "Van Voorthuijsen, Pieter W"]
[Black "Sahl, Bjarke"]
[Result "0-1"]
[WhiteElo "2285"]
[BlackElo "2415"]
[PlyCount "80"]
[EventDate "1997.??.??"]
[EventType "swiss"]
[EventRounds "9"]
[EventCountry "DEN"]
[SourceTitle "EXT 1999"]
[Source "ChessBase"]
[SourceDate "1998.11.16"]
[SourceVersion "1"]
[SourceVersionDate "1998.11.16"]
[SourceQuality "1"]

1. d4 Nf6 2. c4 e6 3. g3 c5 4. d5 exd5 5. cxd5 d6 6. Nc3 a6 7. a4 g6 8. Bg2 Bg7 9. Nf3 0-0 10. 0-0 Re8 11. h3 Nbd7 12. Re1 Rb8 13. Bf4 Qc7 14. Rc1 b5 15. axb5 axb5 16. b4 Ne4 17. Nxe4 Rxe4 18. bxc5 Nxc5 19. Nd2 Rxf4 20. gxf4 b4 21. e4 Bc3 22. Re3 Bd4 23. Rf3 Qa7 24. Nb3 Nxb3 25. Qxb3 Bd7 26. e5 dxe5 27. fxe5 Bxe5 28. Re1 Qd4 29. Rfe3 Bd6 30. Re4 Qf6 31. Bf1 Kg7 32. R4e2 Rc8 33. Qb2 Rc3 34. Re3 Qf4 35. Ba6 Qh2+ 36. Kf1 Bxh3+ 37. Ke2 Bg4+ 38. Kd2 Qxf2+ 39. R1e2 Qf4 40. Re1 Qd4+ 0-1

[Event "NED-ch51 sf"]
[Site "Enschede"]
[Date "1995.11.10"]
[Round "7"]
[White "Van Voorthuijsen, Pieter W"]
[Black "Bosboom, Manuel"]
[Result "0-1"]
[WhiteElo "2300"]
[BlackElo "2450"]
[PlyCount "98"]
[EventDate "1995.11.03"]
[EventType "swiss"]
[EventRounds "9"]
[EventCountry "NED"]
[SourceTitle "EXT 1997"]
[Source "ChessBase"]
[SourceDate "1996.11.15"]
[SourceVersion "1"]
[SourceVersionDate "1996.11.15"]
[SourceQuality "1"]

1. d4 Nf6 2. c4 c5 3. d5 b5 4. cxb5 a6 5. bxa6 g6 6. Nc3 Qa5 7. Bd2 Bxa6 8. g3 d6 9. Ne4 Qb6 10. Nxf6+ exf6 11. Bc3 Bg7 12. Qa4+ Nd7 13. Bh3 Ra7 14. Qc6 Qxc6 15. dxc6 Nb6 16. 0-0-0 Ke7 17. Bg2 Bb5 18. Nh3 Rxa2 19. Nf4 Rc8 20. Kb1 Ra4 21. b3 Ra7 22. h4 h5 23. Kb2 Bxc6 24. Bxc6 Rxc6 25. Rd3 Bh6 26. Nd5+ Nxd5 27. Rxd5 Rb6 28. Rhd1 Ke6 29. f4 f5 30. R5d3 Bf8 31. Re3+ Kd7 32. Re5 Rb5 33. e4 fxe4 34. Rxe4 Rab7 35. Rde1 Rxb3+ 36. Kc2 d5 37. Re8 Bd6 38. Bf6 d4 39. Rd8+ Kc6 40. Ra1 Rb2+ 41. Kc1 Rb8 42. Ra6+ R2b6 43. Rxb6+ Rxb6 44. Be5 Bxe5 45. fxe5 Rb3 46. Rd6+ Kb5 47. g4 hxg4 48. e6 fxe6 49. Rxe6 Rh3 0-1

[Event "Guernsey op 21st"]
[Site "Guernsey"]
[Date "1995.10.18"]
[Round "4"]
[White "Havenaar, Jan"]
[Black "Van Voorthuijsen, Pieter W"]
[Result "1-0"]
[WhiteElo "2015"]
[BlackElo "2300"]
[PlyCount "101"]
[EventDate "1995.10.15"]
[EventType "swiss"]
[EventRounds "7"]
[EventCountry "GCI"]
[SourceTitle "EXT 2005"]
[Source "ChessBase"]
[SourceDate "2004.11.15"]
[SourceVersion "1"]
[SourceVersionDate "2004.11.15"]
[SourceQuality "1"]

1. Nc3 d6 2. d4 g6 3. e4 Bg7 4. Be3 Nf6 5. f3 c6 6. Qd2 0-0 7. 0-0-0 Qa5 8. Kb1 Be6 9. d5 Bd7 10. Bh6 b5 11. Bxg7 Kxg7 12. dxc6 b4 13. Nd5 Nxc6 14. Nxf6 exf6 15. Bc4 Be6 16. Bd5 Rad8 17. Ne2 Bxd5 18. Qxd5 Qxd5 19. Rxd5 f5 20. Ng3 Ne7 21. Rd4 fxe4 22. Nxe4 d5 23. Rhd1 Rc8 24. Ng3 a5 25. Re1 Rc7 26. Rd3 Rfc8 27. Re2 h5 28. a3 Kf8 29. axb4 axb4 30. Nf1 Rc5 31. Ne3 Ra8 32. Nd1 Rca5 33. Kc1 Ra1+ 34. Kd2 Rb1 35. Rd4 Rba1 36. Re1 b3 37. cxb3 Nf5 38. Ra4 d4 39. Rxa1 Rxa1 40. Re4 Ra8 41. g4 hxg4 42. fxg4 Nh4 43. Ke2 Rd8 44. Nf2 f5 45. gxf5 Nxf5 46. Nd3 Kg7 47. Kd2 Rh8 48. Re2 Ne3 49. Nf4 Nf1+ 50. Kd3 Rb8 51. Ne6+ 1-0